000 00428nam a2200145Ia 4500
008 220204s9999 xx 000 0 und d
082 _a576.311.347
_bTED
100 _aTEDESCHI, H
245 0 _aMitochondria: Structure biogenesis and transducing functions
260 _aNew York
_bSpringer Verlag
_c1974
490 _aCell biology monograph; v 4
650 _aMitochondria
650 _aOxidative phosphorylation
942 _cBK
999 _c24563
_d24563